Something OR Something - Statistics

General Stats
  • This quiz has been taken 60,868 times
    22,623 since last reset
  • The average score is 14 of 22
Answer Stats
Hint Answer % Correct
Halloween alternative {Trick} or treat
99%
What came first? The {chicken} or the egg
97%
Wanted poster slogan Dead or {alive}
96%
Slumber party game Truth or {dare}
96%
Instinctive response to danger {Fight} or flight
94%
Hamlet's question To be or {not} {to} {be}
94%
Here we come! {Ready} or not
87%
Throw you into the pool andsee what happens {Sink} or swim
79%
Strict boss's ultimatum My way or the {highway}
77%
Airline patron's choice {Aisle} or window
76%
RSVP choice Be there or be {square}
74%
Regardless of weather Rain or {shine}
72%
Patrick Henry quote Give me liberty or {give} {me} {death}
64%
Too much or too little Feast or {famine}
51%
Saying of Old West pioneers California or {bust}
42%
50 Cent's oath {Get} {rich} or die tryin'
38%
By any means necessary By hook or by {crook}
37%
Gambler's request {Double} or nothing
37%
Better clean up your act Shape up or {ship} {out}
36%
Malcolm X's ultimatum The ballot or the {bullet}
29%
Make a decision already! {Fish} or cut bait
22%
Professor's problem {Publish} or perish
17%
No matching quizzes found
Score Distribution
Percent of People with Each Score
Percentile by Number Answered
Your Score History
You have not taken this quiz since the last reset